[Event "13. Hogeschool Zeeland Tournament"]
[Site "Vlissingen NED"]
[Date "2009.08.01"]
[Round "1.1"]
[White "Sparreboom, Wil"]
[Black "Beliavsky, Alexander"]
[Result "0-1"]
[WhiteElo "1977"]
[BlackElo "2662"]
[PlyCount "32"]
[EventDate "2009.08.01"]
[EventType "swiss"]
[EventRounds "9"]
[EventCountry "NED"]
[Source "lmi"]
[SourceDate "2009.08.01"]

1. d4 Nf6 2. Nf3 e6 3. c4 c5 4. d5 b5 5. dxe6 fxe6 6. Bg5 bxc4 7. e3 d5 8. Nc3
Be7 9. Be2 O-O 10. O-O Nc6 11. Bf4 d4 12. exd4 cxd4 13. Qa4 Bd7 14. Nb5 d3 15.
Bd1 Nd5 16. Bd6 a6 0-1

[Event "13. Hogeschool Zeeland Tournament"]
[Site "Vlissingen NED"]
[Date "2009.08.01"]
[Round "1.2"]
[White "Krasenkow, Michal"]
[Black "Albrecht, Alex"]
[Result "1-0"]
[WhiteElo "2631"]
[BlackElo "1975"]
[PlyCount "65"]
[EventDate "2009.08.01"]
[EventType "swiss"]
[EventRounds "9"]
[EventCountry "NED"]
[Source "lmi"]
[SourceDate "2009.08.01"]

1. d4 e6 2. c4 d5 3. Nf3 c6 4. Qc2 Nf6 5. Nbd2 Nbd7 6. g3 Bd6 7. Bg2 b6 8. O-O
Bb7 9. e4 dxe4 10. Ng5 h6 11. Ngxe4 Qe7 12. Nxd6+ Qxd6 13. Rd1 Rc8 14. c5 Qe7
15. Nc4 O-O 16. Bf4 Ne8 17. Nd6 Nxd6 18. Bxd6 Qf6 19. Bxf8 Kxf8 20. Qa4 a6 21.
cxb6 Qd8 22. Rd3 Kg8 23. Qb4 Ne5 24. Rc3 Ng6 25. a4 Qd7 26. a5 Ne7 27. Rc5 Nd5
28. Bxd5 exd5 29. Re1 Re8 30. Rxe8+ Qxe8 31. Rc1 Qe4 32. Re1 Qf3 33. Qe7 1-0

[Event "13. Hogeschool Zeeland Tournament"]
[Site "Vlissingen NED"]
[Date "2009.08.01"]
[Round "1.3"]
[White "Dubbeldam, Nick"]
[Black "Khairullin, Ildar"]
[Result "0-1"]
[WhiteElo "1971"]
[BlackElo "2602"]
[PlyCount "58"]
[EventDate "2009.08.01"]
[EventType "swiss"]
[EventRounds "9"]
[EventCountry "NED"]
[Source "lmi"]
[SourceDate "2009.08.01"]

1. c4 e5 2. Nc3 Nf6 3. g3 c6 4. Nf3 d6 5. Bg2 Be7 6. O-O O-O 7. Rb1 Qc7 8. e4
h6 9. d4 a6 10. h3 b5 11. cxb5 axb5 12. b4 Nbd7 13. Qc2 Qb8 14. Be3 Re8 15.
Rfc1 Bf8 16. Kh2 Nb6 17. Nd2 Bd7 18. Rb2 h5 19. Ne2 g6 20. f4 Bg7 21. f5 gxf5
22. dxe5 dxe5 23. exf5 Nbd5 24. Bc5 e4 25. Nd4 h4 26. Nxe4 Nxe4 27. Bxe4 Qxg3+
28. Kh1 Qxh3+ 29. Kg1 Qe3+ 0-1

[Event "13. Hogeschool Zeeland Tournament"]
[Site "Vlissingen NED"]
[Date "2009.08.01"]
[Round "1.4"]
[White "Ernst, Sipke"]
[Black "Onrust, Benny"]
[Result "1-0"]
[WhiteElo "2598"]
[BlackElo "1965"]
[PlyCount "43"]
[EventDate "2009.08.01"]
[EventType "swiss"]
[EventRounds "9"]
[EventCountry "NED"]
[Source "lmi"]
[SourceDate "2009.08.01"]

1. d4 d5 2. c4 c6 3. Nf3 Nf6 4. Nc3 dxc4 5. a4 e6 6. e3 Bb4 7. Bxc4 O-O 8. O-O
Nbd7 9. Qe2 Qa5 10. Rd1 Nb6 11. Bd3 c5 12. Na2 cxd4 13. Nxb4 Qxb4 14. a5 Nbd5
15. e4 Ne7 16. e5 Nfd5 17. Bd2 Qb3 18. Ra3 Qxb2 19. Bxh7+ Kxh7 20. Ng5+ Kg8 21.
Qh5 Qc2 22. Rh3 1-0

[Event "13. Hogeschool Zeeland Tournament"]
[Site "Vlissingen NED"]
[Date "2009.08.01"]
[Round "1.5"]
[White "Cheng, Ngo Hin"]
[Black "Van den Doel, Erik"]
[Result "0-1"]
[WhiteElo "1963"]
[BlackElo "2590"]
[PlyCount "68"]
[EventDate "2009.08.01"]
[EventType "swiss"]
[EventRounds "9"]
[EventCountry "NED"]
[Source "lmi"]
[SourceDate "2009.08.01"]

1. e4 c5 2. Nf3 d6 3. c3 Nf6 4. Be2 Bg4 5. O-O e6 6. Re1 Be7 7. d4 O-O 8. Qd3
cxd4 9. cxd4 d5 10. e5 Ne4 11. Nbd2 Bf5 12. Qe3 Nc6 13. a3 Rc8 14. h3 Qb6 15.
Bd3 Rfd8 16. b4 Nxd2 17. Bxd2 Bxd3 18. Qxd3 a6 19. Rad1 Qb5 20. Qb1 Qa4 21. Re3
Na7 22. Rd3 Nb5 23. Ng5 Rc2 24. h4 Rdc8 25. Re1 h6 26. Nf3 Nc3 27. Qa1 Ne4 28.
Be3 R2c3 29. Rxc3 Rxc3 30. Rc1 Rxa3 31. Rc8+ Kh7 32. Qf1 Ra1 33. Bc1 Qd7 34.
Rc2 Bxb4 0-1

[Event "13. Hogeschool Zeeland Tournament"]
[Site "Vlissingen NED"]
[Date "2009.08.01"]
[Round "1.6"]
[White "Vovk, Yuri"]
[Black "Streit, Howard"]
[Result "1-0"]
[WhiteElo "2567"]
[BlackElo "1960"]
[PlyCount "54"]
[EventDate "2009.08.01"]
[EventType "swiss"]
[EventRounds "9"]
[EventCountry "NED"]
[Source "lmi"]
[SourceDate "2009.08.01"]

1. e4 Nf6 2. e5 Nd5 3. d4 d6 4. Nf3 dxe5 5. Nxe5 c6 6. Be2 g6 7. O-O Bg7 8. c4
Nc7 9. Be3 O-O 10. f4 Nd7 11. Nc3 Nxe5 12. fxe5 f6 13. exf6 exf6 14. d5 Re8 15.
Qd2 cxd5 16. cxd5 Bf8 17. Bd4 f5 18. Bc4 b5 19. Nxb5 Nxb5 20. Bxb5 Bd7 21. Bc4
Bd6 22. Qh6 Be5 23. d6+ Kh8 24. Qf4 Qf6 25. Rad1 Bxd4+ 26. Rxd4 Rad8 27. Rfd1
Be6 1-0

[Event "13. Hogeschool Zeeland Tournament"]
[Site "Vlissingen NED"]
[Date "2009.08.01"]
[Round "1.7"]
[White "Verstraeten, Reinaert"]
[Black "Ikonnikov, Vyacheslav"]
[Result "0-1"]
[WhiteElo "1949"]
[BlackElo "2556"]
[PlyCount "64"]
[EventDate "2009.08.01"]
[EventType "swiss"]
[EventRounds "9"]
[EventCountry "NED"]
[Source "lmi"]
[SourceDate "2009.08.01"]

1. e4 c5 2. Nc3 Nc6 3. f4 g6 4. Nf3 Bg7 5. Bc4 e6 6. O-O Nge7 7. e5 d5 8. exd6
Nf5 9. Bb5 Qxd6 10. d3 O-O 11. Ne4 Qc7 12. c3 Na5 13. Qe2 a6 14. Ba4 b5 15. Bc2
Bb7 16. Ne5 Rac8 17. Ng4 Qe7 18. Ne3 b4 19. Bd2 Bxe4 20. dxe4 Nxe3 21. Qxe3 Nc4
22. Qe2 Nxb2 23. e5 c4 24. Rab1 bxc3 25. Bxc3 Nd3 26. Rf3 Rfd8 27. Rd1 Nb4 28.
Rxd8+ Rxd8 29. Bxb4 Qxb4 30. a3 Qb2 31. Qxc4 Rd2 32. Rc3 Qb5 0-1

[Event "13. Hogeschool Zeeland Tournament"]
[Site "Vlissingen NED"]
[Date "2009.08.01"]
[Round "1.8"]
[White "Nijboer, Friso"]
[Black "Dijkstra, Arjan"]
[Result "1-0"]
[WhiteElo "2552"]
[BlackElo "1948"]
[PlyCount "55"]
[EventDate "2009.08.01"]
[EventType "swiss"]
[EventRounds "9"]
[EventCountry "NED"]
[Source "lmi"]
[SourceDate "2009.08.01"]

1. e4 c5 2. Nf3 d6 3. c3 Nf6 4. h3 Nc6 5. Bd3 g6 6. Bc2 Bd7 7. O-O Bg7 8. Re1
e5 9. d4 exd4 10. cxd4 cxd4 11. Bf4 Be6 12. Na3 a6 13. Ba4 O-O 14. Bxc6 bxc6
15. Nxd4 d5 16. e5 Nh5 17. Be3 Bxe5 18. Nxc6 Bh2+ 19. Kxh2 Qd6+ 20. Kg1 Qxc6
21. Nc2 Ng7 22. Bh6 Rfe8 23. Bxg7 Kxg7 24. Qd2 Qb6 25. Nd4 Rab8 26. b3 Qb4 27.
Qb2 Kg8 28. Nc6 1-0

[Event "13. Hogeschool Zeeland Tournament"]
[Site "Vlissingen NED"]
[Date "2009.08.01"]
[Round "1.9"]
[White "Thora, Jack"]
[Black "Spoelman, Wouter"]
[Result "0-1"]
[WhiteElo "1947"]
[BlackElo "2546"]
[PlyCount "68"]
[EventDate "2009.08.01"]
[EventType "swiss"]
[EventRounds "9"]
[EventCountry "NED"]
[Source "lmi"]
[SourceDate "2009.08.01"]

1. e4 c5 2. Nf3 d6 3. g3 Nf6 4. Nc3 Bg4 5. Bg2 Nc6 6. O-O Nd4 7. d3 Nd7 8. Be3
g6 9. Bxd4 cxd4 10. Ne2 Bg7 11. h3 Bxf3 12. Bxf3 O-O 13. c3 dxc3 14. Nxc3 Ne5
15. Bg2 Rc8 16. Qe2 Nc6 17. Rfd1 Nd4 18. Qd2 b5 19. Rac1 Qa5 20. Qe3 e6 21. a3
Nb3 22. Rc2 Bd4 23. Qe1 Rc7 24. Kh1 Rfc8 25. f4 Bxc3 26. Rxc3 Rxc3 27. bxc3
Qxc3 28. Qe3 Qd4 29. Qe2 Rc1 30. f5 Rxd1+ 31. Qxd1 Qa1 32. Qxa1 Nxa1 33. fxe6
fxe6 34. Bf3 Nc2 0-1

[Event "13. Hogeschool Zeeland Tournament"]
[Site "Vlissingen NED"]
[Date "2009.08.01"]
[Round "1.10"]
[White "Kogan, Arthur"]
[Black "Kuijpers, Jos"]
[Result "1-0"]
[WhiteElo "2542"]
[BlackElo "1943"]
[PlyCount "69"]
[EventDate "2009.08.01"]
[EventType "swiss"]
[EventRounds "9"]
[EventCountry "NED"]
[Source "lmi"]
[SourceDate "2009.08.01"]

1. e4 g6 2. d4 Bg7 3. Nc3 d6 4. Bg5 c5 5. dxc5 Qa5 6. Qd2 Qxc5 7. Nd5 Be6 8.
Bb5+ Nd7 9. Be3 Qc8 10. Bd4 f6 11. Ne2 Kf8 12. O-O Nc5 13. f3 Bf7 14. b4 Ne6
15. Be3 Nc7 16. c4 Bxd5 17. exd5 f5 18. Rac1 Nf6 19. Nd4 Kf7 20. Ba4 Rf8 21.
Bb3 Kg8 22. c5 Kh8 23. cxd6 exd6 24. Ne6 Rf7 25. Bf4 Nfe8 26. Ba4 Qb8 27. Rfe1
Nxe6 28. dxe6 Re7 29. Bd7 b5 30. Bc6 Qb6+ 31. Be3 Qd8 32. Bxa8 Qxa8 33. Bg5 Rb7
34. Qd5 Qb8 35. e7 1-0

[Event "13. Hogeschool Zeeland Tournament"]
[Site "Vlissingen NED"]
[Date "2009.08.01"]
[Round "1.11"]
[White "Jonkheer, Alex"]
[Black "Vovk, Andrey"]
[Result "0-1"]
[WhiteElo "1941"]
[BlackElo "2506"]
[PlyCount "38"]
[EventDate "2009.08.01"]
[EventType "swiss"]
[EventRounds "9"]
[EventCountry "NED"]
[Source "lmi"]
[SourceDate "2009.08.01"]

1. d4 Nf6 2. Nf3 g6 3. Bg5 Bg7 4. c4 O-O 5. Nc3 d6 6. e4 h6 7. Bh4 c5 8. Be2 g5
9. Bg3 Qb6 10. dxc5 Qxb2 11. Rc1 dxc5 12. Qc2 Qxc2 13. Rxc2 Nc6 14. e5 Nh5 15.
Nd5 Bf5 16. Rc1 e6 17. Ne3 Bg6 18. O-O Rad8 19. Rfd1 Nxg3 0-1

[Event "13. Hogeschool Zeeland Tournament"]
[Site "Vlissingen NED"]
[Date "2009.08.01"]
[Round "1.13"]
[White "Van Weersel, Dustin"]
[Black "Adhiban, Baskaran"]
[Result "0-1"]
[WhiteElo "1939"]
[BlackElo "2481"]
[PlyCount "40"]
[EventDate "2009.08.01"]
[EventType "swiss"]
[EventRounds "9"]
[EventCountry "NED"]
[Source "lmi"]
[SourceDate "2009.08.01"]

1. e4 e5 2. d4 exd4 3. c3 dxc3 4. Bc4 d6 5. Nf3 Nc6 6. O-O Nf6 7. Nxc3 Be7 8.
Ng5 Ne5 9. f4 Nxc4 10. Qa4+ c6 11. Qxc4 O-O 12. Rd1 Qb6+ 13. Qd4 Qxd4+ 14. Rxd4
d5 15. Rd3 h6 16. e5 Bc5+ 17. Be3 Bxe3+ 18. Rxe3 Ng4 19. Ree1 hxg5 20. fxg5 Re8
0-1

[Event "13. Hogeschool Zeeland Tournament"]
[Site "Vlissingen NED"]
[Date "2009.08.01"]
[Round "1.14"]
[White "Karthikeyan, P."]
[Black "Westerman, Henk"]
[Result "1-0"]
[WhiteElo "2478"]
[BlackElo "1938"]
[PlyCount "33"]
[EventDate "2009.08.01"]
[EventType "swiss"]
[EventRounds "9"]
[EventCountry "NED"]
[Source "lmi"]
[SourceDate "2009.08.01"]

1. d4 e6 2. c4 Bb4+ 3. Nc3 a5 4. e4 d5 5. e5 Ne7 6. a3 Bxc3+ 7. bxc3 dxc4 8.
Bxc4 Bd7 9. Ne2 Bc6 10. f3 Nd7 11. O-O b5 12. Bd3 Nb6 13. Qe1 Qd7 14. Bc2 Nc4
15. Nf4 Rd8 16. Nh5 O-O 17. Bh6 1-0

[Event "13. Hogeschool Zeeland Tournament"]
[Site "Vlissingen NED"]
[Date "2009.08.01"]
[Round "1.15"]
[White "Lemmen, Raoul"]
[Black "Lalith, Babu M.R"]
[Result "0-1"]
[WhiteElo "1936"]
[BlackElo "2472"]
[PlyCount "88"]
[EventDate "2009.08.01"]
[EventType "swiss"]
[EventRounds "9"]
[EventCountry "NED"]
[Source "lmi"]
[SourceDate "2009.08.01"]

1. d4 Nf6 2. c4 e6 3. Nc3 Bb4 4. Bg5 h6 5. Bh4 c5 6. e3 Nc6 7. Nf3 Qa5 8. Qc2
cxd4 9. exd4 Ne4 10. Rc1 Ng5 11. Bxg5 hxg5 12. a3 Be7 13. Qd3 d5 14. cxd5 exd5
15. Qb5 Qxb5 16. Bxb5 Be6 17. Ne5 Rc8 18. Ne2 Bd7 19. O-O Bd6 20. f4 gxf4 21.
Nxf4 f6 22. Nxd7 Kxd7 23. g3 a6 24. Bd3 Bxf4 25. Rxf4 Kd6 26. Rc5 Rce8 27. Rf5
Ne7 28. Rf1 Nc6 29. Rf5 Re1+ 30. Kf2 Rh1 31. Rfxd5+ Kc7 32. Bf5 R1xh2+ 33. Ke3
Re8+ 34. Kf4 Kb6 35. b4 g6 36. Bd7 Rf2+ 37. Kg4 Re4+ 38. Kh3 Nd8 39. Bc8 Re8
40. Rd7 Rh8+ 41. Kg4 f5+ 42. Kg5 Ne6+ 43. Kxg6 Nxc5 44. bxc5+ Kc6 0-1

[Event "13. Hogeschool Zeeland Tournament"]
[Site "Vlissingen NED"]
[Date "2009.08.01"]
[Round "1.16"]
[White "Zaragatski, Ilja"]
[Black "Kok, Ivo"]
[Result "1-0"]
[WhiteElo "2472"]
[BlackElo "1926"]
[PlyCount "45"]
[EventDate "2009.08.01"]
[EventType "swiss"]
[EventRounds "9"]
[EventCountry "NED"]
[Source "lmi"]
[SourceDate "2009.08.01"]

1. Nf3 Nf6 2. g3 d5 3. Bg2 c6 4. O-O Bf5 5. c4 e6 6. cxd5 exd5 7. d3 Nbd7 8.
Nc3 Be7 9. Nd4 Bg6 10. e4 O-O 11. h3 Re8 12. g4 dxe4 13. dxe4 Bb4 14. f3 Nb6
15. Kh1 Qc7 16. a3 Bf8 17. e5 Rad8 18. exf6 Bc5 19. Nce2 Bxd4 20. Nxd4 Qd7 21.
fxg7 Kxg7 22. Bd2 c5 23. Nf5+ 1-0

[Event "13. Hogeschool Zeeland Tournament"]
[Site "Vlissingen NED"]
[Date "2009.08.01"]
[Round "1.17"]
[White "Baekelant, Eva"]
[Black "Henrichs, Thomas"]
[Result "0-1"]
[WhiteElo "1921"]
[BlackElo "2463"]
[PlyCount "60"]
[EventDate "2009.08.01"]
[EventType "swiss"]
[EventRounds "9"]
[EventCountry "NED"]
[Source "lmi"]
[SourceDate "2009.08.01"]

1. d4 Nf6 2. c4 g6 3. Nc3 Bg7 4. e4 d6 5. Nf3 O-O 6. Be2 Na6 7. O-O e5 8. d5
Nc5 9. Qc2 a5 10. Bg5 h6 11. Be3 b6 12. Nd2 Bg4 13. Bxg4 Nxg4 14. Bxc5 bxc5 15.
h3 Nf6 16. Qa4 Nh5 17. Qc6 f5 18. a3 Nf4 19. Nf3 Rb8 20. Rab1 Rb3 21. exf5 gxf5
22. Kh2 e4 23. Nd2 Rb6 24. Qa4 Qh4 25. Kg1 Bd4 26. Ndxe4 fxe4 27. Qd1 Nxh3+ 28.
gxh3 Qg3+ 29. Kh1 Qxh3+ 30. Kg1 Kh8 0-1

[Event "13. Hogeschool Zeeland Tournament"]
[Site "Vlissingen NED"]
[Date "2009.08.01"]
[Round "1.18"]
[White "Bosch, Jeroen"]
[Black "De Ridder, Dieter"]
[Result "1-0"]
[WhiteElo "2456"]
[BlackElo "1914"]
[PlyCount "83"]
[EventDate "2009.08.01"]
[EventType "swiss"]
[EventRounds "9"]
[EventCountry "NED"]
[Source "lmi"]
[SourceDate "2009.08.01"]

1. e4 e6 2. d4 d5 3. e5 c5 4. c3 Nc6 5. g3 Qb6 6. Ne2 Bd7 7. Bh3 Nh6 8. O-O
cxd4 9. cxd4 Nf5 10. Bxf5 exf5 11. Nbc3 Be6 12. h4 Be7 13. Bg5 Bb4 14. Na4 Qc7
15. a3 Ba5 16. Rc1 Bb6 17. b4 a6 18. Be3 O-O 19. Nf4 Ba7 20. Qd2 Qd7 21. Nc5
Bxc5 22. Rxc5 b6 23. Rcc1 Na7 24. Nh5 Kh8 25. Bh6 Rg8 26. Qg5 f6 27. Nxf6 Qf7
28. Nxg8 Rxg8 29. a4 gxh6 30. Qf6+ Qxf6 31. exf6 f4 32. Rfe1 Bf5 33. Re5 Be4
34. f7 Rf8 35. Rc7 fxg3 36. Re8 Kg7 37. Rxf8 gxf2+ 38. Kxf2 Kxf8 39. Rxa7 Bc2
40. Ke3 Bxa4 41. Rxa6 b5 42. Rxh6 1-0

[Event "13. Hogeschool Zeeland Tournament"]
[Site "Vlissingen NED"]
[Date "2009.08.01"]
[Round "1.19"]
[White "Niewenhuis, Ruud"]
[Black "Bosboom, Manuel"]
[Result "0-1"]
[WhiteElo "1913"]
[BlackElo "2444"]
[PlyCount "54"]
[EventDate "2009.08.01"]
[EventType "swiss"]
[EventRounds "9"]
[EventCountry "NED"]
[Source "lmi"]
[SourceDate "2009.08.01"]

1. Nf3 d6 2. d4 Nf6 3. Nc3 g6 4. e4 Bg7 5. Bg5 c6 6. Be2 h6 7. Bf4 Nbd7 8. h3
e5 9. Be3 Qe7 10. dxe5 dxe5 11. O-O Nc5 12. Bd3 Nh5 13. Re1 Be6 14. Qe2 b5 15.
a3 O-O 16. Rad1 Rfd8 17. Qd2 Nxd3 18. cxd3 Bb3 19. Rc1 Bc4 20. Bxh6 Rxd3 21.
Bg5 f6 22. Qc2 Rxf3 23. gxf3 fxg5 24. Ne2 Qe6 25. Kh2 Bxe2 26. Qxe2 Nf4 27. Qf1
Kf7 0-1

[Event "13. Hogeschool Zeeland Tournament"]
[Site "Vlissingen NED"]
[Date "2009.08.01"]
[Round "1.20"]
[White "Roeder, Matthias"]
[Black "Wise, Michael"]
[Result "1-0"]
[WhiteElo "2438"]
[BlackElo "1911"]
[PlyCount "29"]
[EventDate "2009.08.01"]
[EventType "swiss"]
[EventRounds "9"]
[EventCountry "NED"]
[Source "lmi"]
[SourceDate "2009.08.01"]

1. Nf3 f5 2. c4 g6 3. d4 Bg7 4. g3 Nf6 5. Nc3 O-O 6. Bg2 d6 7. O-O Qe8 8. d5
Na6 9. Nd4 Bd7 10. Rb1 Nc5 11. b4 Na4 12. Ncb5 a6 13. Nxc7 Qd8 14. Nde6 Qc8 15.
Nxa8 1-0

[Event "13. Hogeschool Zeeland Tournament"]
[Site "Vlissingen NED"]
[Date "2009.08.01"]
[Round "1.21"]
[White "Au, Hubert David"]
[Black "Bitalzadeh, Ali"]
[Result "0-1"]
[WhiteElo "1910"]
[BlackElo "2434"]
[PlyCount "58"]
[EventDate "2009.08.01"]
[EventType "swiss"]
[EventRounds "9"]
[EventCountry "NED"]
[Source "lmi"]
[SourceDate "2009.08.01"]

1. e4 c5 2. d4 cxd4 3. c3 dxc3 4. Nxc3 e6 5. Nf3 a6 6. Bc4 b5 7. Bb3 Bb7 8. Qe2
d6 9. O-O Nd7 10. Rd1 Ngf6 11. Bg5 Be7 12. Bxf6 gxf6 13. Rac1 Rc8 14. a3 O-O
15. Nd4 Nc5 16. Ba2 Qb6 17. b4 Na4 18. Nxa4 bxa4 19. Qg4+ Kh8 20. Rxc8 Rxc8 21.
Qh5 Bxe4 22. Qg4 f5 23. Qh5 Bf6 24. Ne2 Qc7 25. Qh6 Qe7 26. f3 Bg5 27. Qh5 Bc2
28. Rf1 Be3+ 29. Kh1 Bd3 0-1

[Event "13. Hogeschool Zeeland Tournament"]
[Site "Vlissingen NED"]
[Date "2009.08.01"]
[Round "1.22"]
[White "Kohlweyer, Bernd"]
[Black "Bollaart, Jeroen"]
[Result "1-0"]
[WhiteElo "2418"]
[BlackElo "1903"]
[PlyCount "65"]
[EventDate "2009.08.01"]
[EventType "swiss"]
[EventRounds "9"]
[EventCountry "NED"]
[Source "lmi"]
[SourceDate "2009.08.01"]

1. d4 d5 2. c4 Nc6 3. Nc3 dxc4 4. Nf3 Bg4 5. d5 Bxf3 6. exf3 Ne5 7. Bf4 Nd3+ 8.
Bxd3 cxd3 9. Qb3 a6 10. Qxb7 Rb8 11. Qxa6 Rb6 12. Qa4+ Qd7 13. Qa8+ Qd8 14.
Qxd8+ Kxd8 15. O-O-O g6 16. Be5 f6 17. Bd4 Rb4 18. Rxd3 Nh6 19. Re1 Nf5 20. Bc5
Rc4 21. b4 Nd6 22. Bxd6 cxd6 23. a3 Bg7 24. Kc2 f5 25. Kb3 Rd4 26. Rxd4 Bxd4
27. Re2 Kd7 28. Rd2 Bb6 29. a4 Rb8 30. Nb5 Bd8 31. Nd4 Rb7 32. Nc6 e5 33. a5
1-0

[Event "13. Hogeschool Zeeland Tournament"]
[Site "Vlissingen NED"]
[Date "2009.08.01"]
[Round "1.24"]
[White "Leenhouts, Koen"]
[Black "Swijsen, Lars"]
[Result "1-0"]
[WhiteElo "2413"]
[BlackElo "1884"]
[PlyCount "67"]
[EventDate "2009.08.01"]
[EventType "swiss"]
[EventRounds "9"]
[EventCountry "NED"]
[Source "lmi"]
[SourceDate "2009.08.01"]

1. e4 e6 2. d3 d5 3. Nd2 c5 4. Ngf3 Nc6 5. g3 Nf6 6. Bg2 Be7 7. O-O O-O 8. Re1
b5 9. e5 Nd7 10. Nf1 f6 11. exf6 Bxf6 12. Bh3 Nde5 13. Nxe5 Bxe5 14. c3 Qf6 15.
f4 Bd6 16. Ne3 Ne7 17. Ng4 Qf7 18. Qe2 b4 19. Ne5 Bxe5 20. Qxe5 Ng6 21. Qd6 e5
22. Bg2 Bb7 23. Rf1 exf4 24. Bxf4 Nxf4 25. Rxf4 Qh5 26. Rxf8+ Rxf8 27. Qxc5 Qe2
28. Rf1 Rxf1+ 29. Bxf1 Qe1 30. Qxa7 h5 31. Qxb7 Qe3+ 32. Kg2 Qd2+ 33. Kh1 Qf2
34. Qxd5+ 1-0

[Event "13. Hogeschool Zeeland Tournament"]
[Site "Vlissingen NED"]
[Date "2009.08.01"]
[Round "1.25"]
[White "Heuveling, Gijs-Cor"]
[Black "Van Haastert, Edwin"]
[Result "0-1"]
[WhiteElo "1879"]
[BlackElo "2411"]
[PlyCount "40"]
[EventDate "2009.08.01"]
[EventType "swiss"]
[EventRounds "9"]
[EventCountry "NED"]
[Source "lmi"]
[SourceDate "2009.08.01"]

1. d4 d5 2. c4 c6 3. e3 Nf6 4. Nc3 e6 5. Bd3 dxc4 6. Bxc4 b5 7. Bd3 a6 8. Nf3
c5 9. O-O Bb7 10. Re1 Nc6 11. dxc5 Bxc5 12. Ne4 Bb4 13. Rf1 O-O 14. a3 Be7 15.
b4 Nxb4 16. Nxf6+ Bxf6 17. Bxh7+ Kxh7 18. Ng5+ Bxg5 19. Qh5+ Kg8 20. axb4 Bf6
0-1

[Event "13. Hogeschool Zeeland Tournament"]
[Site "Vlissingen NED"]
[Date "2009.08.01"]
[Round "1.26"]
[White "Rubio Mejia, Luis Ignacio"]
[Black "Huppertz, Andrea"]
[Result "1-0"]
[WhiteElo "2371"]
[BlackElo "1870"]
[PlyCount "59"]
[EventDate "2009.08.01"]
[EventType "swiss"]
[EventRounds "9"]
[EventCountry "NED"]
[Source "lmi"]
[SourceDate "2009.08.01"]

1. d4 d5 2. c4 c6 3. Nc3 Nf6 4. Nf3 a6 5. e3 Bg4 6. Qb3 Ra7 7. Ne5 e6 8. f3 Bf5
9. g4 Bg6 10. h4 dxc4 11. Bxc4 b5 12. Be2 c5 13. h5 Bxh5 14. gxh5 cxd4 15. Nd1
Rc7 16. e4 Rc5 17. Nd3 Rxh5 18. Rxh5 Nxh5 19. N1f2 Ng3 20. Bf4 Nh5 21. Bd2 Be7
22. a4 Bh4 23. axb5 Qb6 24. Qc4 axb5 25. Qc8+ Qd8 26. Qxd8+ Bxd8 27. Nf4 Nf6
28. Bxb5+ Nbd7 29. Ra8 h5 30. Rb8 1-0

[Event "13. Hogeschool Zeeland Tournament"]
[Site "Vlissingen NED"]
[Date "2009.08.01"]
[Round "1.27"]
[White "Leentjens, Gilbert"]
[Black "Michalczak, Thomas"]
[Result "0-1"]
[WhiteElo "1865"]
[BlackElo "2352"]
[PlyCount "70"]
[EventDate "2009.08.01"]
[EventType "swiss"]
[EventRounds "9"]
[EventCountry "NED"]
[Source "lmi"]
[SourceDate "2009.08.01"]

1. e4 c5 2. Nc3 d6 3. f4 g6 4. Nf3 Bg7 5. Bc4 Nc6 6. d3 Nf6 7. O-O O-O 8. Qe1
Nd4 9. Nxd4 cxd4 10. Ne2 d5 11. exd5 Nxd5 12. Qf2 Ne3 13. Bxe3 dxe3 14. Qxe3
Bxb2 15. Rab1 Bg7 16. Kh1 b6 17. Ng3 e6 18. Ne4 Bb7 19. Rbd1 Qd4 20. Qxd4 Bxd4
21. Nd6 Bc6 22. Nb5 Bg7 23. Rde1 Rfd8 24. Re2 Rd7 25. Na3 Kf8 26. Nb1 Rc8 27.
Bb3 b5 28. Rd1 h5 29. h4 Bf6 30. Nd2 Bxh4 31. Kh2 a5 32. g3 Bf6 33. a3 a4 34.
Ba2 Bb2 35. Nb1 Bf3 0-1

[Event "13. Hogeschool Zeeland Tournament"]
[Site "Vlissingen NED"]
[Date "2009.08.01"]
[Round "1.28"]
[White "Zelbel, Patrick"]
[Black "Peters, Harry"]
[Result "1-0"]
[WhiteElo "2348"]
[BlackElo "1860"]
[PlyCount "67"]
[EventDate "2009.08.01"]
[EventType "swiss"]
[EventRounds "9"]
[EventCountry "NED"]
[Source "lmi"]
[SourceDate "2009.08.01"]

1. e4 c6 2. Nf3 d5 3. Nc3 d4 4. Ne2 c5 5. c3 Nc6 6. cxd4 cxd4 7. Qa4 d3 8. Ned4
Bd7 9. Bxd3 Nxd4 10. Qxd4 Bc6 11. Qxd8+ Rxd8 12. Bc2 Nf6 13. d3 g6 14. Bd2 Bg7
15. Bc3 O-O 16. O-O e6 17. a4 a6 18. Rfd1 Rc8 19. Ne5 Nd7 20. Nxc6 Rxc6 21. d4
Nf6 22. Rac1 Rd8 23. Bd3 Ne8 24. e5 Nc7 25. Be4 Nd5 26. Ba5 Rdc8 27. Bd2 Bf8
28. Bxd5 exd5 29. Rxc6 bxc6 30. Rc1 Rb8 31. Rc2 Rb3 32. Kf1 Rd3 33. Be3 Rb3 34.
Rxc6 1-0

[Event "13. Hogeschool Zeeland Tournament"]
[Site "Vlissingen NED"]
[Date "2009.08.01"]
[Round "1.29"]
[White "Densing, Gerd"]
[Black "Roobol, Martin"]
[Result "0-1"]
[WhiteElo "1857"]
[BlackElo "2342"]
[PlyCount "100"]
[EventDate "2009.08.01"]
[EventType "swiss"]
[EventRounds "9"]
[EventCountry "NED"]
[Source "lmi"]
[SourceDate "2009.08.01"]

1. d4 g6 2. Nf3 Bg7 3. Nc3 d6 4. e4 a6 5. Be3 Nd7 6. Bd3 e6 7. Qd2 h6 8. g3 Ne7
9. Nh4 c5 10. dxc5 Nxc5 11. f4 Qc7 12. O-O f5 13. exf5 gxf5 14. Rad1 O-O 15.
Be2 Rd8 16. Bf3 Rb8 17. Qf2 b6 18. Bd4 Nd7 19. Bxg7 Kxg7 20. Qd4+ Nf6 21. Rfe1
Kf7 22. Rd2 b5 23. Red1 Qb6 24. Qxb6 Rxb6 25. Ng2 Rd7 26. a3 d5 27. Ne2 Nc6 28.
Nd4 Na5 29. Ne3 Rc7 30. c3 Nb7 31. g4 fxg4 32. Nxg4 Nxg4 33. Bxg4 Kf6 34. Kf2
Nd6 35. Kf3 Nc4 36. Rg2 e5 37. Bxc8 exd4 38. Bh3 Ne3 39. Rxd4 Nxg2 40. Bxg2 Rd6
41. a4 bxa4 42. Rxa4 Rb7 43. Bf1 Rxb2 44. Rxa6 Rxa6 45. Bxa6 Rxh2 46. c4 Rh3+
47. Kg4 Ra3 48. Bb7 Rb3 49. Ba6 d4 50. f5 Ke5 0-1

[Event "13. Hogeschool Zeeland Tournament"]
[Site "Vlissingen NED"]
[Date "2009.08.01"]
[Round "1.30"]
[White "Van Dongen, Cor"]
[Black "Koreman, Eric"]
[Result "1-0"]
[WhiteElo "2342"]
[BlackElo "1857"]
[PlyCount "59"]
[EventDate "2009.08.01"]
[EventType "swiss"]
[EventRounds "9"]
[EventCountry "NED"]
[Source "lmi"]
[SourceDate "2009.08.01"]

1. c4 Nf6 2. g3 e5 3. Bg2 d5 4. cxd5 Nxd5 5. Nf3 Nc6 6. O-O Be7 7. d4 exd4 8.
Nxd4 Nxd4 9. Qxd4 Nf6 10. Qa4+ Qd7 11. Qc2 c6 12. Nc3 O-O 13. e4 Ng4 14. Bf4 f6
15. Rad1 Qe6 16. h3 Ne5 17. Be3 Kh8 18. f4 Nd7 19. Kh2 b6 20. Rf2 Bc5 21. Bxc5
Nxc5 22. Rfd2 Ba6 23. Rd6 Qe7 24. Rxc6 Rad8 25. Nd5 Qb7 26. Rc7 Qb8 27. Re7
Rfe8 28. Rxe8+ Rxe8 29. b4 Ne6 30. f5 1-0